书目信息 |
| 题名: |
童寯文集 第二卷
|
|
| 作者: | 童寯 著 | |
| 分册: | 第二卷 | |
| 出版信息: | 北京 中国建筑工业出版社 2001.05 |
|
| 页数: | 456页 | |
| 开本: | 26cm | |
| 丛书名: | ||
| 单 册: | ||
| 中图分类: | TU-53 | |
| 科图分类: | ||
| 主题词: | 建筑学 | |
| 电子资源: | ||
| ISBN: | 7-112-04624-6 | |
| 000 | 00533nam0 2200193 45 | |
| 001 | 0435231963 | |
| 005 | 2004042509471197 | |
| 010 | @a7-112-04624-6@d66.00CNY | |
| 100 | @a20040425d2001 km y0chiy0120 ea | |
| 101 | 0 | @achi |
| 102 | @aCN@b110000 | |
| 200 | 1 | @a童寯文集 第二卷@Atong jun wen ji di er juan@h第二卷@f童寯著@FTong Jun Zhu |
| 210 | @a北京@c中国建筑工业出版社@d2001.05 | |
| 215 | @a456页@d26cm | |
| 606 | 0 | @a建筑学 |
| 690 | @aTU-53@v3 | |
| 701 | 0 | @a童寯@ATong Jun@4著 |
| 801 | 0 | @aCN@bPFT@c20040425 |
| 905 | @dTU-53@eT848:2 | |
| 童寯文集 第二卷.第二卷/童寯著.-北京:中国建筑工业出版社,2001.05 |
| 456页;26cm |
| ISBN 7-112-04624-6:66.00CNY |
| ● |
| 相关链接 |
|
|
|
正题名:童寯文集 第二卷
索取号:TU-53/T848:2
 
预约/预借
| 序号 | 登录号 | 条形码 | 馆藏地/架位号 | 状态 | 备注 |
| 1 | 392509 | 203925093 | 建筑库101/101建筑库 13排2列4层/ [索取号:TU-53/T848:2] | 在馆 | |
| 2 | 392510 | 203925100 | 建筑库101/101建筑库 13排2列4层/ [索取号:TU-53/T848:2] | 在馆 |